Gaming Quiz

Random Gaming or Board Games Quiz

Fancy Pants Monopoly Boards II Quiz Stats

 Plays Quiz Updated May 2, 2018

Challenge
Share
Tweet
Score 0/20 Timer 06:00
2 Plays Today
% Correct
Shrek
99%
Jurassic World
97.9%
M&Ms
96.5%
The Smurfs
96.4%
Transformers
95.3%
Disney Pixar
94.5%
Ghostbusters
94.4%
Futurama
93.2%
The Big Bang Theory
93%
Peanuts
92.7%
% Correct
The Lord of the Rings
90.8%
Back to the Future
89.5%
Pokémon
89.1%
Looney Tunes
88.5%
Game of Thrones
85.6%
Zelda
82.2%
Princess Bride
69%
Adventure Time
67.1%
Phineas and Ferb
64.1%
Fallout
43.8%

You're not logged in!

Compare scores with friends on all Sporcle quizzes.
OR
Log In

You Might Also Like...

Show Comments

Extras

Top Quizzes Today


Score Distribution

Your Account Isn't Verified!

In order to create a playlist on Sporcle, you need to verify the email address you used during registration. Go to your Sporcle Settings to finish the process.

Report this User

Report this user for behavior that violates our Community Guidelines.

Details: